|
|
|
|
| LEADER |
00000cam a22000004a 4500 |
| 001 |
musev2_83041 |
| 003 |
MdBmJHUP |
| 005 |
20230905052530.0 |
| 006 |
m o d |
| 007 |
cr||||||||nn|n |
| 008 |
210312s2021 enk o 00 0 eng d |
| 020 |
|
|
|a 9781641891349
|
| 020 |
|
|
|z 9781641891332
|
| 035 |
|
|
|a (OCoLC)1245842958
|
| 040 |
|
|
|a MdBmJHUP
|c MdBmJHUP
|
| 245 |
0 |
0 |
|a Christianity and War in Medieval East Central Europe and Scandinavia /
|c edited by Radosław Kotecki, Carsten Selch Jensen, Stephen Bennett.
|
| 250 |
|
|
|a New edition.
|
| 264 |
|
1 |
|a Leeds :
|b Arc Humanities Press,
|c 2021
|
| 264 |
|
3 |
|a Baltimore, Md. :
|b Project MUSE,
|c 2021
|
| 264 |
|
4 |
|c ©2021
|
| 300 |
|
|
|a 1 online resource (324 pages):
|b illustrations (black and white), maps (black and white)
|
| 336 |
|
|
|a text
|b txt
|2 rdacontent
|
| 337 |
|
|
|a computer
|b c
|2 rdamedia
|
| 338 |
|
|
|a online resource
|b cr
|2 rdacarrier
|
| 490 |
0 |
|
|a Beyond medieval Europe
|
| 588 |
|
|
|a Description based on print version record.
|
| 650 |
|
0 |
|a Church history
|y Middle Ages, 600-1500.
|
| 650 |
|
0 |
|a Church and state
|z Scandinavia
|x History
|y To 1500.
|
| 650 |
|
0 |
|a Church and state
|z Europe, Eastern
|x History
|y To 1500.
|
| 650 |
|
0 |
|a Christianity and politics
|z Scandinavia
|x History
|y To 1500.
|
| 650 |
|
0 |
|a Christianity and politics
|z Europe, Eastern
|x History
|y To 1500.
|
| 650 |
|
0 |
|a Military history, Medieval.
|
| 651 |
|
0 |
|a Scandinavia
|x History, Military.
|
| 651 |
|
0 |
|a Europe, Eastern
|x History, Military.
|
| 655 |
|
7 |
|a Electronic books.
|2 local
|
| 700 |
1 |
|
|a Bennett, Stephen.
|4 editor
|
| 700 |
1 |
|
|a Jensen, Carsten Selch.
|4 editor
|
| 700 |
1 |
|
|a Kotecki, Radosław.
|4 editor
|
| 710 |
2 |
|
|a Project Muse.
|e distributor
|
| 830 |
|
0 |
|a Book collections on Project MUSE.
|
| 856 |
4 |
0 |
|z Texto completo
|u https://projectmuse.uam.elogim.com/book/83041/
|
| 945 |
|
|
|a Project MUSE - Custom Collection
|
| 945 |
|
|
|a Project MUSE - 2021 Complete
|
| 945 |
|
|
|a Project MUSE - 2021 History
|